000 00639nam a2200277Ia 4500
005 20260324133417.0
008 008 260324s9999 xx 000 0 eng d
020 _a9780203609187
037 _aEBOOK
040 _aCRL
040 _beng
040 _cCRL
041 _2eng
041 _aeng
084 _qCRL
100 _aDerek Heater
_91192995
245 2 _aA History of Education for Citizenship
260 _bTaylor and Francis
260 _c2003
365 _a
365 _b255
856 _uhttp://www.taylorfrancis.com/books/9780203609187
942 _cEBOOK
999 _c1791991
_d1791991